Festival začne v zrekonštruovanej budove Vedenie Thálie tento týždeň slávnostne otvorí Máraiho štúdio

Bibliographic Details
Main Author: ato (Author)
Corporate Authors: Divadlo Thália (Košice, Slovensko) (Author), Máraiho štúdio (Author)
Format: Article
Language:Slovak
PhysicalDescription:1 obr.
Subjects:

MARC

LEADER 00000nab a2200000 a 4500
001 vtls000910103
003 SK-MaSNL
005 20260305014759.0
008 040720e20021023xo 0 slo
035 |a KE19029 
040 |a KEVKJB  |b slo  |c KEVKJB  |e AACR2 
041 0 |a slo 
044 |a xo  |c SK 
080 |a 792(437.671)(=945.11)  |2 1981 
100 0 |a ato  |4 aut  |9 872578 
245 1 0 |a Festival začne v zrekonštruovanej budove  |b Vedenie Thálie tento týždeň slávnostne otvorí Máraiho štúdio 
300 |b 1 obr. 
610 2 7 |a Divadlo Thália (Košice, Slovensko)  |2 KEVKJB  |9 31809 
610 2 7 |a Divadlo Thália.  |b Máraiho štúdio  |2 KEVKJB  |9 215957 
650 0 7 |a otvorenie slávnostné  |2 KEVKJB  |9 877373 
650 0 7 |a informácie  |2 KEVKJB  |9 1285 
651 7 |a Košice (Slovensko)  |2 KEVKJB  |9 18694 
651 7 |a KE,  |2 KEVKJB  |9 877256 
655 7 |a periodikum  |2 snkbucl  |9 29553 
710 2 |a Divadlo Thália (Košice, Slovensko)  |4 aut  |9 31809 
710 2 |a Máraiho štúdio  |4 aut  |9 1593199 
773 0 8 |t Košický večer  |g Roč. 13  |g Roč. 34, č.205, 23.10.2002, s. 8 
852 |a ZVYKNI  |b KIS3GCP 
999 |c 3271367  |d 3273297